Lectures on real and complex vector spaces
Guardat en:
| Autor principal: | |
|---|---|
| Format: | Llibre |
| Idioma: | anglès |
| Publicat: |
Filadelfia
W. B. Saunders
1966
|
| Col·lecció: | Saunders Mathematics Books
|
| Matèries: | |
| Etiquetes: |
Afegir etiqueta
Sense etiquetes, Sigues el primer a etiquetar aquest registre!
|
MARC
| LEADER | 00000nam a2200000 a 4500 | ||
|---|---|---|---|
| 001 | UCQ8848 | ||
| 003 | CL-VaPUC | ||
| 008 | 981217e19660000US |||||||||||||||||eng|d | ||
| 082 | 0 | 4 | |a 512.52 |b CAT |2 21 |
| 100 | 0 | |a Cater, Frank S |e author |9 423129 | |
| 245 | 1 | 0 | |a Lectures on real and complex vector spaces |
| 300 | |a 167 p | ||
| 942 | |c BK | ||
| 945 | |d 19981217 00:00:00 |a crobeson | ||
| 260 | |a Filadelfia |b W. B. Saunders |c 1966 | ||
| 650 | 0 | |a Espacios vectoriales |9 21 | |
| 650 | 0 | |a Álgebra vectorial |9 269971 | |
| 650 | 0 | |a Matrices |9 22 | |
| 650 | 7 | |a DETERMINANTES |2 CL-VaPUC |9 423130 | |
| 583 | |a last modification |c 19981217 00:00:00 |k Rodrigo Vera | ||
| 490 | 0 | |a Saunders Mathematics Books | |
| 999 | |c 278020 |d 278018 | ||